Skúšky vlôh stavačov

Bibliographic Details
Main Author: Uhríková, Ivana (Author)
Format: Article
Language:Slovak
PhysicalDescription:Fotogr.
ISSN:1335-7778
Subjects:

MARC

LEADER 00000nab a2200000 a 4500
001 vtls000847821
003 SK-MaSNL
005 20260302164344.0
008 180205c2003 xo 0 slo
015 |a SNBRB2003/10-28081 
035 |a CLN000199476 
040 |a SNKBUCL  |b slo  |c SNKBUCL  |e AACR2 
041 0 |a slo 
044 |a xo  |c SK 
080 |a 636.75  |2 UDC-MRF-SK2 
100 1 |a Uhríková, Ivana  |4 aut  |9 765044 
245 1 0 |a Skúšky vlôh stavačov  |c Ivanka Uhríková 
300 |b Fotogr. 
650 0 7 |a psy poľovné  |x stavače  |x skúšky  |2 snkbucl  |9 867155 
655 7 |a články z novín a časopisov  |2 snkbucl  |9 267496 
773 0 |x 1335-7778  |t Pes a mačka  |g Roč. 3, č. 7 (2003), s. 16-17 
850 |a Slovenská národná knižnica v Martine 
852 |a SNK  |b KIS3GCP 
958 |a RBX 
999 |c 1386421  |d 1388351